000 00399nam a2200157Ia 4500
008 230711s9999||||xx |||||||||||||| ||und||
041 _aENG
082 _a621
_bBH-D
100 _aBhattacharya,Amitabha
245 0 _aDigital communication
250 _a1st Ed.
260 _c2006
_aNew Delhi
_bTata McGraw Hill Education Limited
300 _a516
650 _aElectronics Engineering
942 _cBK
999 _c8550
_d8550